| 000 | 01020 a2200217 4500 | ||
|---|---|---|---|
| 001 | 47906 | ||
| 005 | 20260407155744.0 | ||
| 008 | 260407a1964 arg spa d | ||
| 003 | AR-UNSa-BCEJYS | ||
| 040 |
_aAR-UNSa-BCEJYS _bspa _cAR-UNSa-BCEJYS |
||
| 080 |
_a101.1 _xNaturaleza de la filosofía. La filosofía como ciencia. La filosofía como arte (pensamiento filosófico) |
||
| 245 | 1 | 0 | _aDiscurso del método |
| 250 | _a6a. ed. | ||
| 264 | 1 |
_aMadrid : _bAguilar _c1964 |
|
| 300 |
_a134 p. _c16 cm. |
||
| 505 | _aPrimera Parte: Consideraciones que atañen a las ciencias -- Segunda Parte: Principales reglas de moral sacadas del método -- Cuarta Parte: Pruebas de la existencia de Dios y del alma humana o fundamentos de la metafísica -- Quinta Parte: Orden de cuestiones en la física -- Sexta Parte: Cosas requeridas para proseguir en la investigación de la Naturaleza. | ||
| 942 | _cBK | ||
| 590 | _aniveau_biblio:m niveau_hierar:0 | ||
| 100 | 1 | _aRodríguez Huescar, Antonio | |
| 700 | 1 | _aDescartes, René | |
| 999 |
_c4480 _d4480 |
||